000 01971nam a2200397 a 4500
999 _c115556
_d115556
003 BLK
005 20250129005526.0
008 180409b bul|||||r ||||||| ||bul||
010 _aKNG00121041000
040 _aBLK
041 _aBUL
_cBUL
080 _aЖивопис - художници
_b75.071.1
_x(497.2)(092)
_z75.071.1(497.2)(092)
080 _aВладимир Димитров Поппетров. Български художник
_b929 Димитров - Майстора, Владимир
_z929 Димитров - Майстора, Владимир
100 _aСтрумски, Георги
_d1932 - 2013
_gПисател, поет, преводач от руски език.
_qЙорданов, Георги Асенов
_9375654
139 _aСтрумски, Георги
_bД 58
245 1 0 _aВладимир Димитров - Майстора
_cГеорги Струмски; * Владимир Димитров Поппетров
257 _aBGR
260 _aСофия
_bНар. младеж
_c1980
300 _a135 с.
_b8 л. ил.
_c21 см
380 _a7
490 _aБиблиотека България в образи
_9204857
490 _aКниги за видни българи
_v38
_9204612
500 _aСъдържа и Живот в Дати. - Пълното име е Владимир Димитров Поппетров.
600 1 4 _aДимитров - Майстора, Владимир
_9370503
650 4 _aЖивопис
_9155358
650 4 _aЖивопис - България
_9242598
653 _aживопис
653 _aБългария
653 _aНаум Охридски
700 1 _aПоппетров, Владимир Димитров
_e*
_9314179
852 _aЦб 102824
_bЦб
856 4 _qpdf
_i0.00
_ldisable
942 _cKNG
_n0
_01
_s1
944 _aCR
_c28.01.2011
_lCRON CRON
_k
944 _aED
_c29.09.2015
_lдобави в АБ / 27.01.2011